Missing Word: Disney Movies (1930-1959) Quiz Stats

 Plays Quiz Updated Mar 28, 2014

Support Sporcle.
Go Orange.
Score 0/20 Timer 04:00
0 Plays Today
Disney Feature Word % Correct
Snow White and the Seven _____Dwarfs
97.8%
_____ in WonderlandAlice
96.1%
The Story of _____ Hood ...Robin
95.7%
Peter _____Pan
95.3%
Lady and the _____Tramp
94.6%
Sleeping _____Beauty
94.3%
20,000 _____ Under the SeaLeagues
84.8%
_____ YellerOld
84.1%
The Shaggy _____Dog
82.5%
_____ IslandTreasure
78.4%
Disney Feature Word % Correct
The _____ CaballerosThree
72%
_____ of the SouthSong
69.7%
Fun and _____ FreeFancy
62.9%
Davy Crockett King of the Wild _____Frontier
51.3%
The Adventures of _____ and Mr. ToadIchabod
36.2%
Rob _____, the Highland RogueRoy
29.4%
So _____ to My HeartDear
26.9%
_____ Ho, the Wagons!Westward
19.3%
The _____ and the RoseSword
8.9%
Davy Crockett and the _____ PiratesRiver
7.6%

Today's Daily Dose

Word Ladder
ING Words

Get the Picture
Nearest Volcano

From the Vault

Saturday Sudoku X

by Joshie_the_great

Don't worry if you can't do this, the X means there are at least 9 others to try.
Remove Ads.
Support Sporcle.
Get the best of Sporcle when you Go Orange. This ad-free experience offers more features, more stats, and more fun while also helping to support Sporcle. Thank you for becoming a member.

Show Comments

Extras

Top Quizzes Today


Score Distribution

Your Account Isn't Verified!

In order to create a playlist on Sporcle, you need to verify the email address you used during registration. Go to your Sporcle Settings to finish the process.

Report this User

Report this user for behavior that violates our Community Guidelines.

Details: